La sociedad sin amo (Record no. 139505)

MARC details
000 -LEADER
campo de control de longitud fija 00734nam a2200229 4500
001 - NÚMERO DE CONTROL
campo de control 139505
003 - IDENTIFICADOR DE NÚMERO DE CONTROL
campo de control ES-MaACL
005 - FECHA Y HORA DE LA ÚLTIMA TRANSACCIÓN
campo de control 20251002195933.0
007 - CAMPO FIJO DE DESCRIPCIÓN FÍSICA--INFORMACIÓN GENERAL
campo de control de longitud fija t|
008 - DATOS DE LONGITUD FIJA--INFORMACIÓN GENERAL
campo de control de longitud fija 070214s1980 sp r ||||1| spa d
020 ## - NÚMERO INTERNACIONAL ESTÁNDAR DEL LIBRO
Número Internacional Estándar del Libro 84-85361-20-2
100 1# - ENTRADA PRINCIPAL--NOMBRE DE PERSONA
Nombre de persona Scheer, Léo.
9 (RLIN) 104262
245 13 - MENCIÓN DEL TÍTULO
Título La sociedad sin amo
Resto del título : ensayo sobre la sociedad de masa /
Mención de responsabilidad, etc. Léo Scheer ; [traducción, Luciano F. Rincón].
260 ## - PUBLICACIÓN, DISTRIBUCIÓN, ETC.
Lugar de publicación, distribución, etc. Barcelona :
Nombre del editor, distribuidor, etc. Ruedo Ibérico,
Fecha de publicación, distribución, etc. 1980.
300 ## - DESCRIPCIÓN FÍSICA
Extensión 98 p. ;
Dimensiones 21 cm.
650 #4 - PUNTO DE ACCESO ADICIONAL DE MATERIA--TÉRMINO DE MATERIA
Término de materia o nombre geográfico como elemento de entrada Sociedad de masas.
9 (RLIN) 169817
650 00 - PUNTO DE ACCESO ADICIONAL DE MATERIA--TÉRMINO DE MATERIA
Término de materia o nombre geográfico como elemento de entrada Sociedad postindustrial.
9 (RLIN) 17176
700 1# - ENTRADA AGREGADA--NOMBRE PERSONAL
Nombre de persona Rincón, Luciano,
Fechas asociadas al nombre 1933-1993
9 (RLIN) 171727
710 2# - ENTRADA AGREGADA--NOMBRE DE ENTIDAD CORPORATIVA
Nombre de entidad corporativa o nombre de jurisdicción como elemento de entrada Éditions Ruedo ibérico.
9 (RLIN) 145333
852 ## - LOCALIZACIÓN
Ubicación ES-MaACL
Número de control de estantería L-3437
Holdings
Estatus retirado Estado de pérdida Estado de daño No para préstamo Biblioteca de origen Biblioteca actual Ubicación en estantería Fecha de adquisición Fuente de adquisición Total de préstamos Signatura topográfica completa Código de barras Visto por última vez Precio de reemplazo Tipo de ítem Koha
        Biblioteca del Ateneo de Madrid Biblioteca del Ateneo de Madrid Depósito 2 17/01/2008     L-3437 1145178 23/02/2023 23/02/2023 Libro impreso